<?xml version="1.0" encoding="UTF-8"?><?xml-stylesheet type="text/xsl" href="static/style.xsl"?><OAI-PMH xmlns="http://www.openarchives.org/OAI/2.0/" xmlns:xsi="http://www.w3.org/2001/XMLSchema-instance" xsi:schemaLocation="http://www.openarchives.org/OAI/2.0/ http://www.openarchives.org/OAI/2.0/OAI-PMH.xsd"><responseDate>2026-04-13T01:55:21Z</responseDate><request verb="GetRecord" identifier="oai:www.recercat.cat:10230/71805" metadataPrefix="marc">https://recercat.cat/oai/request</request><GetRecord><record><header><identifier>oai:recercat.cat:10230/71805</identifier><datestamp>2025-11-08T14:34:53Z</datestamp><setSpec>com_2072_6</setSpec><setSpec>col_2072_452952</setSpec></header><metadata><record xmlns="http://www.loc.gov/MARC21/slim" xmlns:dcterms="http://purl.org/dc/terms/" xmlns:xsi="http://www.w3.org/2001/XMLSchema-instance" xmlns:doc="http://www.lyncode.com/xoai" xsi:schemaLocation="http://www.loc.gov/MARC21/slim http://www.loc.gov/standards/marcxml/schema/MARC21slim.xsd">
   <leader>00925njm 22002777a 4500</leader>
   <datafield ind2=" " ind1=" " tag="042">
      <subfield code="a">dc</subfield>
   </datafield>
   <datafield ind2=" " ind1=" " tag="720">
      <subfield code="a">Sáenz-Hernández, Isabel</subfield>
      <subfield code="e">author</subfield>
   </datafield>
   <datafield ind2=" " ind1=" " tag="720">
      <subfield code="a">Lapresta-Rey, Cecilio</subfield>
      <subfield code="e">author</subfield>
   </datafield>
   <datafield ind2=" " ind1=" " tag="720">
      <subfield code="a">Petreñas, Cristina</subfield>
      <subfield code="e">author</subfield>
   </datafield>
   <datafield ind2=" " ind1=" " tag="720">
      <subfield code="a">Ianos, Maria Adelina</subfield>
      <subfield code="e">author</subfield>
   </datafield>
   <datafield ind2=" " ind1=" " tag="260">
      <subfield code="c">2025-11-07T11:37:36Z</subfield>
   </datafield>
   <datafield ind2=" " ind1=" " tag="260">
      <subfield code="c">2025-11-07T11:37:36Z</subfield>
   </datafield>
   <datafield ind2=" " ind1=" " tag="260">
      <subfield code="c">2022</subfield>
   </datafield>
   <datafield ind2=" " ind1=" " tag="260">
      <subfield code="c">2025-11-07T11:37:36Z</subfield>
   </datafield>
   <datafield ind2=" " ind1=" " tag="520">
      <subfield code="a">This study explores integration and linguistic acculturation in Catalonia (Spain), a multilingual setting where a state and a regional language coexist with those of immigration. Using qualitative content analysis, we examined the linguistic acculturation profiles of 13 high-school students of immigrant background and the linguistic acculturation expectations of 15 autochthonous students, considering Spanish, Catalan and heritage languages. Then, we explored their understanding of what integration means and its relation to language. Public use of heritage languages was the main source of friction. Participants of immigrant origin with assimilation profiles only used heritage languages with family, while those in multilingual profiles also used them in the public domain. Autochthonous students condemned their use in public, although they supported their use at home. Students from immigrant backgrounds advocated for a more inclusive understanding of integration, particularly those in multilingual profiles, but autochthonous students equated integration to assimilation. Educational implications are discussed.</subfield>
   </datafield>
   <datafield ind2=" " ind1=" " tag="520">
      <subfield code="a">This work is part of two larger research projects and grants funded by the Spanish Ministry of Economy and Competitiveness (MINECO) (reference number: EDU2017-82479-R &amp; IJCI-2016-28250), the Ministry of Science, Innovation and Universities (reference number: BEAGAL18/00234) and the Agency for Management of University and Research Grants - AGAUR of the Government of Catalonia (Agència de Gestió d'Ajuts Universitaris i de Recerca) (reference number: 2017 SGR 322 &amp; 2019FI_B1_00137). This research article has received a grant for its linguistic revision from the Language Institute of the University of Lleida (2020 call).</subfield>
   </datafield>
   <datafield ind1="8" ind2=" " tag="024">
      <subfield code="a">http://hdl.handle.net/10230/71805</subfield>
   </datafield>
   <datafield tag="653" ind2=" " ind1=" ">
      <subfield code="a">Immigration</subfield>
   </datafield>
   <datafield tag="653" ind2=" " ind1=" ">
      <subfield code="a">Heritage language</subfield>
   </datafield>
   <datafield tag="653" ind2=" " ind1=" ">
      <subfield code="a">Acculturation</subfield>
   </datafield>
   <datafield tag="653" ind2=" " ind1=" ">
      <subfield code="a">Linguistic acculturation</subfield>
   </datafield>
   <datafield tag="653" ind2=" " ind1=" ">
      <subfield code="a">Integration</subfield>
   </datafield>
   <datafield tag="653" ind2=" " ind1=" ">
      <subfield code="a">Catalonia</subfield>
   </datafield>
   <datafield ind2="0" ind1="0" tag="245">
      <subfield code="a">When immigrant and regional minority languages coexist: linguistic authority and integration in multilingual linguistic acculturation</subfield>
   </datafield>
</record></metadata></record></GetRecord></OAI-PMH>